Học từ vựng tiếng Anh trình độ sơ cấp Start building your vocabulary (Elementary)

Đã lưu trong:
書目詳細資料
主要作者: John Flower
格式: 圖書
語言:Undetermined
出版: Tp. HCM Nxb. Tp. HCM 1998
主題:
標簽: 添加標簽
沒有標簽, 成為第一個標記此記錄!
Thư viện lưu trữ: Trung tâm Học liệu Trường Đại học Cần Thơ
LEADER 00617nam a2200205Ia 4500
001 CTU_28771
008 210402s9999 xx 000 0 und d
020 |b 17.500đ 
082 |a 428.2 
082 |b F644 
100 |a John Flower 
245 0 |a Học từ vựng tiếng Anh trình độ sơ cấp 
245 0 |b Start building your vocabulary (Elementary) 
245 0 |c John Flower 
260 |a Tp. HCM 
260 |b Nxb. Tp. HCM 
260 |c 1998 
650 |a english language - glossaries, vocabularies, etc 
904 |i Minh, 990304 
980 |a Trung tâm Học liệu Trường Đại học Cần Thơ